| 000 | 01071nam a22002655a 4500 | ||
|---|---|---|---|
| 003 | OSt | ||
| 005 | 20171106112423.0 | ||
| 008 | 170306s2003 ua frb 000 0 ara d | ||
| 040 |
_aEG-ScBUE _bara _cEG-ScBUE |
||
| 043 | _af-ua--- | ||
| 082 | 0 | 4 |
_a346.62044 _bإ س م _222 |
| 100 | 1 | _aإسماعيل، فاروق. | |
| 245 | 1 | 0 |
_aماذا تعرف عن ؟ : _bالرهن الرسمي والرهن الحيازي / _cفاروق إسماعيل. |
| 246 | 3 | 0 | _aرهن الرسمي |
| 246 | 3 | 0 | _aرهن الحيازي |
| 260 |
_a[القاهرة] : _bفاروق إسماعيل، _c2003. |
||
| 300 |
_a135 ص. ؛ _c24 سم. |
||
| 504 | _aيشتمل على إرجاعات ببليوجرافية. | ||
| 505 | 0 | _aنصوص القانون - من الأعمال التحضيرية - شرح - من أحكام النقض. | |
| 650 | 7 |
_aالرهن الرسمي _xقوانين وتشريعات _zمصر. _2BUEsh |
|
| 650 | 7 |
_aالرهن الحيازي _xقوانين وتشريعات _zمصر. _2BUEsh |
|
| 651 | _2BUEsh | ||
| 653 |
_bLLAAWW _cMarch2017 _cApril2017 |
||
| 942 | _2ddc | ||
| 999 |
_c24339 _d24311 |
||